Swedish cities in Västmanland - Statistics

General Stats
  • This quiz has been taken 60 times
    44 since last reset
  • The average score is 15 of 39
Answer Stats
Hint Answer % Correct
10,841 Arboga
100%
10,787 Hallstahammar
100%
18,355 Köping
100%
117,746 Västerås
100%
5,885 Kungsör
83%
13,087 Sala
83%
11,936 Fagersta
67%
2,440 Kolsva
67%
4,653 Norberg
67%
3,378 Skultuna
67%
6,270 Surahammar
67%
2,809 Irsta
50%
1,333 Ramnäs
50%
2,383 Skinnskatteberg
50%
1,404 Barkarö
33%
1,021 Dingtuna
33%
1,091 Enhagen-Ekbacken
33%
2,034 Kolbäck
33%
474 Örtagården
33%
850 Ransta
33%
2,151 Tillberga
33%
420 Tortuna
33%
533 Västerfärnebo
33%
201 Hedkärra
17%
2,986 Hökåsen
17%
241 Munga
17%
321 Riddarhyttan
17%
255 Salbohed
17%
676 Strömsholm
17%
503 Annelund
0%
243 Björkviken
0%
547 Horn
0%
235 Kärsta
0%
277 Lybeck
0%
327 Möklinta
0%
453 Munktorp
0%
270 Sörstafors
0%
763 Sylta
0%
693 Valskog
0%
No matching quizzes found
Score Distribution
Percent of People with Each Score
Percentile by Number Answered
Your Score History
You have not taken this quiz since the last reset